[Event "4. Open Ciudad de Tres Cantos 2012"]
[Site "Tres Cantos ESP"]
[Date "2012.06.27"]
[Round "7.22"]
[White "Casado Izquierdo, David"]
[Black "Gonzalez Mateo, Jose Luis"]
[Result "1-0"]
[WhiteElo "2115"]
[BlackElo "1827"]
[PlyCount "73"]
[EventDate "2012.06.21"]
[EventType "swiss"]
[EventRounds "9"]
[EventCountry "ESP"]
[Source "lmi"]
[SourceDate "2012.06.21"]

1. e4 c5 2. Nf3 g6 3. d4 cxd4 4. Nxd4 Bg7 5. f4 Nc6 6. c3 Nxd4 7. cxd4 Qb6 8.
e5 d6 9. Nc3 dxe5 10. Bb5+ Kf8 11. dxe5 Be6 12. Qe2 Nh6 13. Be3 Qa5 14. O-O Nf5
15. Bf2 h5 16. Rfd1 Kg8 17. Nd5 a6 18. Bc4 Bxd5 19. Rxd5 Qa4 20. b3 Qe8 21. Bb6
Qc6 22. Qf2 Kh7 23. Rd3 e6 24. Rad1 Rhe8 25. Rd7 Re7 26. R7d3 Bh6 27. g3 g5 28.
Rf3 Rg8 29. fxg5 Rxg5 30. Bd8 Nh4 31. Rf6 Rxe5 32. Rxh6+ Kxh6 33. gxh4 Re4 34.
Bxe7 Rg4+ 35. Kf1 Qh1+ 36. Ke2 Qe4+ 37. Qe3+ 1-0

[Event "4. Open Ciudad de Tres Cantos 2012"]
[Site "Tres Cantos ESP"]
[Date "2012.06.27"]
[Round "7.23"]
[White "Salgado Duarte, Pablo"]
[Black "Alvarez Gonzalez, Eduardo"]
[Result "0-1"]
[WhiteElo "1565"]
[BlackElo "1773"]
[PlyCount "62"]
[EventDate "2012.06.21"]
[EventType "swiss"]
[EventRounds "9"]
[EventCountry "ESP"]
[Source "lmi"]
[SourceDate "2012.06.21"]

1. d4 Nf6 2. c4 e6 3. Nc3 Bb4 4. Bd2 b6 5. Nf3 Bb7 6. a3 Bxc3 7. Bxc3 Ne4 8.
Qd3 O-O 9. e3 d6 10. Be2 Nd7 11. O-O f5 12. Nd2 Nxc3 13. Qxc3 Qf6 14. Bf3 Bxf3
15. Nxf3 Rae8 16. Rad1 Re7 17. Rfe1 Rfe8 18. Qb3 Kh8 19. Qa4 a5 20. Qc6 Rc8 21.
e4 e5 22. Qb7 Ree8 23. exf5 Qxf5 24. Qd5 Rf8 25. Re2 Qf4 26. dxe5 Nxe5 27. Nxe5
dxe5 28. Qxe5 Qxc4 29. Rd7 Qg4 30. Rf7 Rxf7 31. Qe8+ Rf8 0-1

[Event "4. Open Ciudad de Tres Cantos 2012"]
[Site "Tres Cantos ESP"]
[Date "2012.06.27"]
[Round "7.24"]
[White "Tolosana Esteban, Enrique"]
[Black "Bernal Zajarov, Mateo"]
[Result "0-1"]
[WhiteElo "1718"]
[BlackElo "1506"]
[PlyCount "98"]
[EventDate "2012.06.21"]
[EventType "swiss"]
[EventRounds "9"]
[EventCountry "ESP"]
[Source "lmi"]
[SourceDate "2012.06.21"]

1. e4 c5 2. f4 d6 3. Nf3 Nc6 4. c3 Nf6 5. d3 g6 6. Be2 Bg7 7. O-O O-O 8. Nbd2
b5 9. a4 b4 10. e5 dxe5 11. Nxe5 Nxe5 12. fxe5 Nd5 13. Nc4 bxc3 14. Bf3 cxb2
15. Bxb2 Rb8 16. Qd2 Bb7 17. e6 f5 18. Bxg7 Kxg7 19. Qb2+ Rf6 20. Rab1 Nb4 21.
Ne5 Bxf3 22. gxf3 Nxd3 23. Qxb8 Qd4+ 24. Kh1 Qxe5 25. Qxe5 Nxe5 26. Rb7 Rxe6
27. Re1 Kf6 28. Rxa7 c4 29. Kg2 Nc6 30. Rxe6+ Kxe6 31. Rb7 Kd6 32. Kf2 f4 33.
Rb5 c3 34. Ke1 Nd4 35. Rb6+ Kc5 36. Rb8 Nxf3+ 37. Ke2 Nd4+ 38. Kd3 c2 39. Rc8+
Kd5 40. Kd2 f3 41. a5 f2 42. Rf8 Nf5 43. a6 f1=Q 44. Kxc2 Qxa6 45. Rd8+ Qd6 46.
Rxd6+ exd6 47. Kd2 Ke4 48. Ke2 d5 49. Kd2 d4 0-1

[Event "4. Open Ciudad de Tres Cantos 2012"]
[Site "Tres Cantos ESP"]
[Date "2012.06.27"]
[Round "7.25"]
[White "Garcia Hernandez, Javier"]
[Black "Fernandez Muñoz, Emiliano"]
[Result "1/2-1/2"]
[WhiteElo "1713"]
[BlackElo "2050"]
[PlyCount "50"]
[EventDate "2012.06.21"]
[EventType "swiss"]
[EventRounds "9"]
[EventCountry "ESP"]
[Source "lmi"]
[SourceDate "2012.06.21"]

1. d4 Nf6 2. c4 e6 3. Nc3 d5 4. cxd5 exd5 5. Bg5 c6 6. e3 Bd6 7. Bd3 O-O 8. Qc2
h6 9. Bh4 Re8 10. Nge2 Nbd7 11. h3 b5 12. O-O-O a5 13. g4 b4 14. Na4 Ba6 15.
Bxa6 Rxa6 16. Qf5 g6 17. Qd3 Ra8 18. Rdg1 c5 19. dxc5 Ne5 20. Qd1 Rc8 21. Kb1
Be7 22. Nd4 Ne4 23. Bxe7 Qxe7 24. Qe2 Nxc5 25. Nxc5 Rxc5 1/2-1/2

[Event "4. Open Ciudad de Tres Cantos 2012"]
[Site "Tres Cantos ESP"]
[Date "2012.06.27"]
[Round "7.28"]
[White "Fernandez Garcia, Ignacio"]
[Black "Lopez Perez, IÃ±igo"]
[Result "0-1"]
[WhiteElo "1870"]
[BlackElo "1720"]
[PlyCount "80"]
[EventDate "2012.06.21"]
[EventType "swiss"]
[EventRounds "9"]
[EventCountry "ESP"]
[Source "lmi"]
[SourceDate "2012.06.21"]

1. e4 a6 2. d4 b5 3. Bd3 Bb7 4. Be3 e6 5. Ne2 Nf6 6. f3 Be7 7. Nd2 d6 8. c3 c5
9. Nf1 Nc6 10. Rc1 O-O 11. Nfg3 Rc8 12. O-O b4 13. Bb1 Qb6 14. d5 Ne5 15. c4
exd5 16. exd5 Rfe8 17. Bf4 Bf8 18. b3 a5 19. Qc2 g6 20. Bg5 Nxd5 21. cxd5 Bxd5
22. Kh1 c4 23. Qd2 Be6 24. Ne4 Nd7 25. bxc4 Rxc4 26. Rxc4 Bxc4 27. Bd3 Be6 28.
Bh6 d5 29. Bxf8 dxe4 30. Bh6 exd3 31. Qb2 f6 32. Nf4 Bc4 33. Rd1 Kf7 34. h4 Qd6
35. Rd2 Re5 36. g4 g5 37. Rxd3 Re1+ 38. Kg2 Qxf4 39. Rxd7+ Ke6 40. Rd2 Bf1+ 0-1

[Event "4. Open Ciudad de Tres Cantos 2012"]
[Site "Tres Cantos ESP"]
[Date "2012.06.27"]
[Round "7.29"]
[White "Galan Aguado, Fernando"]
[Black "Pindado Del Carmen, Eliseo"]
[Result "1/2-1/2"]
[WhiteElo "1839"]
[BlackElo "1596"]
[PlyCount "193"]
[EventDate "2012.06.21"]
[EventType "swiss"]
[EventRounds "9"]
[EventCountry "ESP"]
[Source "lmi"]
[SourceDate "2012.06.21"]

1. d4 Nf6 2. Nf3 g6 3. Bf4 Bg7 4. e3 O-O 5. Be2 d6 6. h3 c5 7. c3 Qb6 8. Qb3
Qxb3 9. axb3 cxd4 10. exd4 Nd5 11. Bg3 Nd7 12. Nbd2 Re8 13. Nc4 b6 14. O-O Bb7
15. Rfe1 N5f6 16. Bd3 d5 17. Na3 a6 18. Nc2 e6 19. Ra2 Bf8 20. Rea1 a5 21. Bb5
Rec8 22. Ne3 h5 23. Nd2 Be7 24. Bh4 Bf8 25. Bg3 Be7 26. c4 Bb4 27. Nb1 Bc6 28.
Bxc6 Rxc6 29. Na3 Rac8 30. Nb5 Ra8 31. Ra4 Bd2 32. Kf1 Bxe3 33. fxe3 dxc4 34.
bxc4 Ne4 35. Be1 e5 36. b4 Rxc4 37. bxa5 Rxa4 38. Rxa4 exd4 39. Rxd4 Nef6 40.
axb6 Nxb6 41. Rd6 Nbd7 42. Bc3 Rb8 43. Na7 Ne4 44. Rxd7 Nxc3 45. Rd3 Rb1+ 46.
Kf2 Ne4+ 47. Kf3 Ng5+ 48. Kf4 Ne6+ 49. Kg3 Rb2 50. Nc6 Rb5 51. Ne7+ Kg7 52. Rc3
Rg5+ 53. Kf3 Kf6 54. Nc8 Rf5+ 55. Kg3 Re5 56. Nd6 Ng5 57. Kf2 Ne6 58. Ra3 Ng5
59. Ra4 Kg7 60. Rf4 f6 61. Ra4 Re7 62. h4 Nf7 63. Ne4 Ne5 64. Ra6 f5 65. Ng5
Ng4+ 66. Kf1 Nxe3+ 67. Kf2 Ng4+ 68. Kf1 Ne3+ 69. Kf2 Nc2 70. Ne6+ Kh6 71. Nf8
Rg7 72. Ne6 Rg8 73. Ra7 Nb4 74. Ng5 Rg7 75. Ra8 Nd3+ 76. Kg1 Rh7 77. Rg8 Ne5
78. Ne6 Nf7 79. Nf4 Rg7 80. Ra8 Ne5 81. Rh8+ Rh7 82. Re8 Nf7 83. Re6 Rg7 84.
Nd5 Nd8 85. Ra6 Rb7 86. Ne3 Rb1+ 87. Kh2 Rb5 88. Rd6 Nf7 89. Ra6 Kg7 90. Ra7
Re5 91. Nc4 Re6 92. Nd2 Kf6 93. Nf3 Rd6 94. Ra8 Re6 95. Ra7 Rc6 96. Ra8 Re6 97.
Ra7 1/2-1/2

[Event "4. Open Ciudad de Tres Cantos 2012"]
[Site "Tres Cantos ESP"]
[Date "2012.06.27"]
[Round "7.30"]
[White "Martinez Montalvo, Eduardo"]
[Black "Sierra Bermejo, Gregorio"]
[Result "1-0"]
[WhiteElo "1827"]
[BlackElo "1663"]
[PlyCount "47"]
[EventDate "2012.06.21"]
[EventType "swiss"]
[EventRounds "9"]
[EventCountry "ESP"]
[Source "lmi"]
[SourceDate "2012.06.21"]

1. e4 c5 2. d4 cxd4 3. c3 dxc3 4. Nxc3 Nc6 5. Nf3 Qc7 6. Bc4 e6 7. O-O Nf6 8.
Nb5 Qb8 9. e5 a6 10. exf6 axb5 11. fxg7 Bxg7 12. Bxb5 h6 13. Re1 d5 14. Nd4 Bd7
15. Nf5 Be5 16. h3 h5 17. f4 Bf6 18. Be3 Na7 19. Bd4 Nxb5 20. Bxf6 Rh7 21. Qxd5
Ra6 22. Rad1 Nd6 23. Nxd6+ Kf8 24. Qg5 1-0

[Event "4. Open Ciudad de Tres Cantos 2012"]
[Site "Tres Cantos ESP"]
[Date "2012.06.27"]
[Round "7.31"]
[White "Diaz Begonte, Manuel"]
[Black "Delgado Mena, Diego"]
[Result "0-1"]
[WhiteElo "1814"]
[BlackElo "1524"]
[PlyCount "58"]
[EventDate "2012.06.21"]
[EventType "swiss"]
[EventRounds "9"]
[EventCountry "ESP"]
[Source "lmi"]
[SourceDate "2012.06.21"]

1. e4 Nf6 2. e5 Nd5 3. d4 d6 4. c4 Nb6 5. exd6 cxd6 6. Nf3 Bg4 7. Be2 Nc6 8.
O-O Bxf3 9. Bxf3 Nxc4 10. Qa4 d5 11. Nc3 e6 12. Bf4 Be7 13. Qd1 O-O 14. b3 Nb6
15. Ne2 Bg5 16. Qd2 Bxf4 17. Qxf4 f6 18. Qd2 e5 19. g3 e4 20. Bg2 Nd7 21. Nf4
Re8 22. Nxd5 Nb6 23. Nxb6 Qxb6 24. d5 Rad8 25. Rfe1 f5 26. Rad1 Nb4 27. d6 Nd3
28. d7 Rxd7 29. Qc3 Qxf2+ 0-1

[Event "4. Open Ciudad de Tres Cantos 2012"]
[Site "Tres Cantos ESP"]
[Date "2012.06.27"]
[Round "7.32"]
[White "Sebastian Enesco, Alex"]
[Black "Rezola Gimenez, Gonzalo"]
[Result "0-1"]
[WhiteElo "1806"]
[BlackElo "1468"]
[PlyCount "54"]
[EventDate "2012.06.21"]
[EventType "swiss"]
[EventRounds "9"]
[EventCountry "ESP"]
[Source "lmi"]
[SourceDate "2012.06.21"]

1. d4 d5 2. c4 c6 3. e3 Nf6 4. Nc3 e6 5. Nf3 Nbd7 6. Bd3 g6 7. O-O Bg7 8. Re1
dxc4 9. Bxc4 b5 10. Bd3 a6 11. e4 O-O 12. Bg5 Qb6 13. d5 cxd5 14. exd5 Nxd5 15.
Nxd5 exd5 16. Qb3 Bb7 17. Be3 d4 18. Bf4 Bxf3 19. gxf3 Qf6 20. Be4 Qxf4 21.
Bxa8 Rxa8 22. Qd5 Nb6 23. Qc6 d3 24. Qxb6 Qxf3 25. Re3 Qg4+ 26. Kf1 Bxb2 27.
Rae1 d2 0-1

[Event "4. Open Ciudad de Tres Cantos 2012"]
[Site "Tres Cantos ESP"]
[Date "2012.06.27"]
[Round "7.33"]
[White "Anton Prado, Augusto"]
[Black "Jarne Ubieto, Francisco"]
[Result "1-0"]
[WhiteElo "1775"]
[BlackElo "1318"]
[PlyCount "55"]
[EventDate "2012.06.21"]
[EventType "swiss"]
[EventRounds "9"]
[EventCountry "ESP"]
[Source "lmi"]
[SourceDate "2012.06.21"]

1. e4 c5 2. Nc3 d6 3. g3 Nf6 4. Bg2 g6 5. d3 Bg7 6. f4 Nc6 7. Nf3 O-O 8. O-O a6
9. h3 b5 10. a3 Bd7 11. Be3 Rb8 12. g4 b4 13. axb4 Nxb4 14. Ne2 Bb5 15. Qd2 Qd7
16. f5 e5 17. g5 Nh5 18. f6 Bh8 19. Ne1 Rbc8 20. c3 Nc6 21. c4 Nd4 22. Bxd4
cxd4 23. cxb5 Qxb5 24. Nf3 Rc5 25. b4 Rc6 26. Ra5 Qb7 27. Nfxd4 exd4 28. e5 1-0

[Event "4. Open Ciudad de Tres Cantos 2012"]
[Site "Tres Cantos ESP"]
[Date "2012.06.27"]
[Round "7.34"]
[White "Rodriguez Vellon, Jimena"]
[Black "Martinez Miura, Enrique"]
[Result "0-1"]
[WhiteElo "1669"]
[BlackElo "1724"]
[PlyCount "46"]
[EventDate "2012.06.21"]
[EventType "swiss"]
[EventRounds "9"]
[EventCountry "ESP"]
[Source "lmi"]
[SourceDate "2012.06.21"]

1. e4 e6 2. d4 d5 3. Nc3 Nf6 4. e5 Nfd7 5. Nf3 c5 6. Qe2 cxd4 7. Nxd4 a6 8. Be3
Nxe5 9. O-O-O Nc4 10. Nb3 Nxe3 11. Qxe3 Be7 12. f4 Bd7 13. Be2 Nc6 14. Rhf1 Qc7
15. g4 h6 16. f5 Bg5 17. Nxd5 Bxe3+ 18. Nxe3 O-O-O 19. fxe6 Bxe6 20. Nc5 Nd4
21. Bxa6 Qxc5 22. Bd3 Bxa2 23. Nf5 Nb3# 0-1

[Event "4. Open Ciudad de Tres Cantos 2012"]
[Site "Tres Cantos ESP"]
[Date "2012.06.27"]
[Round "7.35"]
[White "Ojosnegros Martin, Angel"]
[Black "Santamaria Baeza, Adolfo"]
[Result "0-1"]
[WhiteElo "1488"]
[BlackElo "1934"]
[PlyCount "49"]
[EventDate "2012.06.21"]
[EventType "swiss"]
[EventRounds "9"]
[EventCountry "ESP"]
[Source "lmi"]
[SourceDate "2012.06.21"]

1. e4 e5 2. Nf3 Nc6 3. Bc4 Bc5 4. c3 Qf6 5. d3 h6 6. Be3 d6 7. h3 Nge7 8. Nbd2
Ng6 9. O-O O-O 10. Bb3 Nf4 11. Bxf4 Qxf4 12. g3 Qxg3+ 13. Kh1 Qxh3+ 14. Nh2 Kh8
15. f4 exf4 16. Rxf4 Qxd3 17. Bc4 Qg3 18. Rxf7 Bh3 19. Qf3 Qxf3+ 20. Ndxf3 Rxf7
21. Bxf7 Ne5 22. Nxe5 dxe5 23. Bg6 Rf8 24. Rd1 Be7 25. Rd7 0-1

[Event "4. Open Ciudad de Tres Cantos 2012"]
[Site "Tres Cantos ESP"]
[Date "2012.06.27"]
[Round "7.36"]
[White "Hernandez Ramos, Alberto"]
[Black "Benitez Cadenas, Luis Miguel"]
[Result "0-1"]
[WhiteElo "1407"]
[BlackElo "1719"]
[PlyCount "66"]
[EventDate "2012.06.21"]
[EventType "swiss"]
[EventRounds "9"]
[EventCountry "ESP"]
[Source "lmi"]
[SourceDate "2012.06.21"]

1. e4 e6 2. d4 d5 3. e5 c5 4. c3 Nc6 5. Nf3 Qb6 6. a3 Nh6 7. Bd3 Nf5 8. Bxf5
exf5 9. b4 cxd4 10. cxd4 a5 11. bxa5 Nxa5 12. Nc3 Nc4 13. a4 Bb4 14. Bd2 Qa5
15. Nb1 Bd7 16. Qc2 Bxa4 17. Qxf5 Nxd2 18. Nfxd2 O-O 19. Qd3 Qb6 20. Qe3 Bb5
21. Rxa8 Rxa8 22. f4 Ra1 23. Kf2 Bxd2 24. Qxd2 Bc4 25. Qd1 Qb2+ 26. Kg3 Ra2 27.
Qf3 Qxd4 28. Nc3 Rc2 29. Nb1 Be2 30. Qa3 Ba6 31. Qd6 Qf2+ 32. Kg4 Qxg2+ 33. Kf5
Bd3# 0-1

[Event "4. Open Ciudad de Tres Cantos 2012"]
[Site "Tres Cantos ESP"]
[Date "2012.06.27"]
[Round "7.37"]
[White "Garcia Minguez, Antonio"]
[Black "Sorribes Calle, Pablo"]
[Result "0-1"]
[WhiteElo "1463"]
[BlackElo "1692"]
[PlyCount "60"]
[EventDate "2012.06.21"]
[EventType "swiss"]
[EventRounds "9"]
[EventCountry "ESP"]
[Source "lmi"]
[SourceDate "2012.06.21"]

1. d4 f5 2. c4 e6 3. Nc3 d5 4. cxd5 exd5 5. Nf3 Nf6 6. e3 Bd6 7. Bd3 c6 8. O-O
O-O 9. Qc2 Ne4 10. a3 Nd7 11. b4 Ndf6 12. Bb2 Be6 13. Ne2 Kh8 14. Ne5 Nd7 15.
Nf4 Qe7 16. Nxe6 Qxe6 17. Qe2 Nxe5 18. dxe5 Bxe5 19. Rac1 Bxb2 20. Qxb2 Nd6 21.
Rfe1 a6 22. a4 Qf6 23. Qc2 Rae8 24. Qc5 Qd8 25. Rcd1 Qc7 26. f3 Rf6 27. e4 fxe4
28. fxe4 Nxe4 29. Qc2 Qb6+ 30. Kh1 Ng3+ 0-1

[Event "4. Open Ciudad de Tres Cantos 2012"]
[Site "Tres Cantos ESP"]
[Date "2012.06.27"]
[Round "7.38"]
[White "Corral Sanchez, Jesus"]
[Black "Jarne Anguita, Miguel"]
[Result "1/2-1/2"]
[WhiteElo "1673"]
[BlackElo "1327"]
[PlyCount "93"]
[EventDate "2012.06.21"]
[EventType "swiss"]
[EventRounds "9"]
[EventCountry "ESP"]
[Source "lmi"]
[SourceDate "2012.06.21"]

1. e4 c5 2. Nf3 d6 3. d4 cxd4 4. Nxd4 Nf6 5. Nc3 g6 6. Be3 Bg7 7. f3 O-O 8. Qd2
Nc6 9. O-O-O Bd7 10. g4 a6 11. h4 b5 12. Kb1 b4 13. Nd5 a5 14. Nxc6 Bxc6 15.
Bh6 Bxd5 16. exd5 Rc8 17. Bxg7 Kxg7 18. g5 Nh5 19. Rg1 Qc7 20. Bh3 Rb8 21. Bg4
Qc4 22. Bxh5 gxh5 23. f4 a4 24. Qd4+ Qxd4 25. Rxd4 Rfc8 26. Re1 Rc7 27. f5 Rbc8
28. Rxb4 Rxc2 29. Rxa4 R2c4 30. Rxc4 Rxc4 31. Rxe7 Rxh4 32. Rd7 Rg4 33. Rxd6 h4
34. Rh6 Rxg5 35. Rxh4 Rxf5 36. Rd4 Kf8 37. Kc2 Ke7 38. Kc3 Kd6 39. Kc4 h5 40.
b4 h4 41. b5 h3 42. b6 h2 43. b7 Kc7 44. Rh4 Rf2 45. a4 Kxb7 46. Kc5 Kc7 47. a5
1/2-1/2

[Event "4. Open Ciudad de Tres Cantos 2012"]
[Site "Tres Cantos ESP"]
[Date "2012.06.27"]
[Round "7.42"]
[White "Jimenez Perez, Federico"]
[Black "Cortijo Manso, Luis"]
[Result "1-0"]
[WhiteElo "1282"]
[BlackElo "1561"]
[PlyCount "79"]
[EventDate "2012.06.21"]
[EventType "swiss"]
[EventRounds "9"]
[EventCountry "ESP"]
[Source "lmi"]
[SourceDate "2012.06.21"]

1. e4 c5 2. Nf3 e6 3. d4 cxd4 4. Nxd4 Nf6 5. Nc3 Bb4 6. a3 Bxc3+ 7. bxc3 Nxe4
8. Bb2 e5 9. Nf3 Qb6 10. Qe2 Qxb2 11. Qxe4 Qxa1+ 12. Kd2 O-O 13. Bd3 f5 14.
Qd5+ Kh8 15. Rxa1 e4 16. Ng5 h6 17. Nf7+ Kh7 18. Bc4 Nc6 19. Qxf5+ g6 20. Qf6
d5 21. Bxd5 Bf5 22. Qh4 Kg7 23. Rb1 Na5 24. Qxh6+ Kf6 25. h4 Rxf7 26. Bxf7 Kxf7
27. Qh7+ Kf6 28. Rxb7 Nxb7 29. Qxb7 Rd8+ 30. Kc1 Rd7 31. Qc6+ Kg7 32. g4 Bxg4
33. Qxe4 Rd1+ 34. Kb2 Bf5 35. Qe7+ Kh6 36. Qg5+ Kg7 37. h5 a5 38. hxg6 Rd5 39.
c4 Rc5 40. Qe7+ 1-0

[Event "4. Open Ciudad de Tres Cantos 2012"]
[Site "Tres Cantos ESP"]
[Date "2012.06.28"]
[Round "8.1"]
[White "Rausis, Igor"]
[Black "Ledo Galan, Jose Emilio"]
[Result "1-0"]
[WhiteElo "2514"]
[BlackElo "2079"]
[PlyCount "89"]
[EventDate "2012.06.21"]
[EventType "swiss"]
[EventRounds "9"]
[EventCountry "ESP"]
[Source "lmi"]
[SourceDate "2012.06.21"]

1. Nf3 Nf6 2. d4 e6 3. c4 b6 4. g3 Bb7 5. Bg2 Be7 6. O-O d6 7. Nc3 c5 8. d5
exd5 9. Nh4 Qd7 10. cxd5 O-O 11. e4 Re8 12. Nf5 Bf8 13. Re1 a6 14. Bg5 Qd8 15.
Rb1 b5 16. b4 Nbd7 17. a3 Qb6 18. h3 Rac8 19. Qd2 cxb4 20. axb4 Rc4 21. Be3 Qc7
22. Bd4 Rc8 23. Rec1 Qd8 24. Ne3 R4c7 25. f4 Qe8 26. Qd3 Nh5 27. Kh2 g6 28. Ne2
Rxc1 29. Rxc1 Rxc1 30. Nxc1 Qc8 31. Ne2 Qc7 32. g4 Nhf6 33. g5 Ne8 34. Bf3 Bg7
35. Bxg7 Kxg7 36. Qd4+ f6 37. Bg4 Nf8 38. gxf6+ Nxf6 39. e5 dxe5 40. fxe5 Nxg4+
41. Nxg4 Qc4 42. Qf2 Nd7 43. e6 Qd4 44. Qf7+ Kh8 45. Qe8+ 1-0

[Event "4. Open Ciudad de Tres Cantos 2012"]
[Site "Tres Cantos ESP"]
[Date "2012.06.28"]
[Round "8.2"]
[White "Renteria, Jorge"]
[Black "Fernandez Blazquez, Diego"]
[Result "0-1"]
[WhiteElo "2326"]
[BlackElo "2185"]
[PlyCount "54"]
[EventDate "2012.06.21"]
[EventType "swiss"]
[EventRounds "9"]
[EventCountry "ESP"]
[Source "lmi"]
[SourceDate "2012.06.21"]

1. e4 c5 2. Nf3 d6 3. d4 cxd4 4. Nxd4 Nf6 5. Nc3 a6 6. Bg5 e6 7. Qe2 Be7 8. f4
Qc7 9. O-O-O Nbd7 10. g4 b5 11. a3 Bb7 12. Bh4 Nc5 13. Bg2 Nfxe4 14. Bxe4 Bxh4
15. Bxb7 Qxb7 16. g5 h6 17. Nf5 O-O 18. Nxh4 b4 19. axb4 Qxb4 20. Rdf1 Rab8 21.
Nd1 Rfc8 22. Rf2 Rb5 23. Kb1 Ne4 24. Rf3 Nd2+ 25. Kc1 Ra5 26. Rc3 Nc4 27. Kb1
Qa4 0-1

[Event "4. Open Ciudad de Tres Cantos 2012"]
[Site "Tres Cantos ESP"]
[Date "2012.06.28"]
[Round "8.3"]
[White "Adan Bermudez, Sergio"]
[Black "Alvarez Abejon, Amilcar"]
[Result "1/2-1/2"]
[WhiteElo "2320"]
[BlackElo "2074"]
[PlyCount "107"]
[EventDate "2012.06.21"]
[EventType "swiss"]
[EventRounds "9"]
[EventCountry "ESP"]
[Source "lmi"]
[SourceDate "2012.06.21"]

1. c4 e6 2. Nf3 d5 3. b3 Nf6 4. g3 Be7 5. Bg2 O-O 6. O-O c5 7. Bb2 b6 8. cxd5
Nxd5 9. e4 Nb4 10. d4 cxd4 11. a3 N4c6 12. Nxd4 Nxd4 13. Bxd4 Bb7 14. Bb2 Nc6
15. Nd2 Rc8 16. Nc4 b5 17. Qg4 g6 18. Rfd1 Qc7 19. Ne3 Rfd8 20. Rac1 Rxd1+ 21.
Qxd1 Qd8 22. Ng4 Qxd1+ 23. Rxd1 Rd8 24. Rc1 e5 25. f4 exf4 26. gxf4 Rd2 27. Bc3
Rd7 28. b4 h5 29. Nf6+ Bxf6 30. Bxf6 Nd4 31. Bxd4 Rxd4 32. Rc5 Bxe4 33. Bxe4
Rxe4 34. Rxb5 Rxf4 35. Ra5 Rf3 36. Rxa7 Rb3 37. Ra5 h4 38. Kg2 h3+ 39. Kf2 f5
40. b5 g5 41. b6 Rxb6 42. Rxf5 Rb2+ 43. Kg3 g4 44. Kxg4 Rxh2 45. Rf3 Rh1 46.
Kg3 Kg7 47. Rf4 Ra1 48. Ra4 Kf6 49. Kxh3 Ke5 50. Kg3 Kd5 51. Kf3 Kc5 52. Ke3
Kb5 53. Ra8 Kc4 54. a4 1/2-1/2

[Event "4. Open Ciudad de Tres Cantos 2012"]
[Site "Tres Cantos ESP"]
[Date "2012.06.28"]
[Round "8.4"]
[White "Pastor Alonso De Prado, Alberto"]
[Black "Martin Garcia, Guillermo"]
[Result "1/2-1/2"]
[WhiteElo "2191"]
[BlackElo "1977"]
[PlyCount "100"]
[EventDate "2012.06.21"]
[EventType "swiss"]
[EventRounds "9"]
[EventCountry "ESP"]
[Source "lmi"]
[SourceDate "2012.06.21"]

1. e4 e5 2. Nf3 Nc6 3. Nc3 Nf6 4. Bb5 Bb4 5. d3 d6 6. O-O O-O 7. Bxc6 bxc6 8.
Ne2 Bg4 9. Ng3 Nh5 10. h3 Nxg3 11. fxg3 Bc5+ 12. Kh2 Be6 13. g4 Qe7 14. Qe1 f6
15. Nh4 d5 16. Nf5 Bxf5 17. Rxf5 Qe6 18. Be3 Bb6 19. a4 dxe4 20. Bxb6 cxb6 21.
Qxe4 Rad8 22. Raf1 g6 23. R5f4 Rd4 24. Qe2 Qd6 25. Rxd4 Qxd4 26. Qe4 c5 27. b3
Kg7 28. Re1 Qxe4 29. Rxe4 a5 30. g5 Rd8 31. Kg3 Rd4 32. Kf3 Kf7 33. Ke3 Ke6 34.
gxf6 Kxf6 35. c3 Rd6 36. Rg4 Kf5 37. Rg3 Rf6 38. d4 exd4+ 39. cxd4 Re6+ 40. Kd3
Rd6 41. Rf3+ Kg5 42. Rg3+ Kf5 43. Rf3+ Ke6 44. Rf4 g5 45. Re4+ Kf5 46. g4+ Kf6
47. Kc4 cxd4 48. Rxd4 Rxd4+ 49. Kxd4 Ke6 50. Kc4 Kd6 1/2-1/2

[Event "4. Open Ciudad de Tres Cantos 2012"]
[Site "Tres Cantos ESP"]
[Date "2012.06.28"]
[Round "8.5"]
[White "Rivera Leon, Mauro Arturo"]
[Black "Lopez Heras, Arturo"]
[Result "1-0"]
[WhiteElo "2097"]
[BlackElo "1926"]
[PlyCount "55"]
[EventDate "2012.06.21"]
[EventType "swiss"]
[EventRounds "9"]
[EventCountry "ESP"]
[Source "lmi"]
[SourceDate "2012.06.21"]

1. e4 c5 2. Nf3 Nc6 3. d4 cxd4 4. Nxd4 Nf6 5. Nc3 g6 6. Be3 Bg7 7. Bc4 O-O 8.
Bb3 d6 9. f3 Bd7 10. Qd2 Na5 11. O-O-O Nxb3+ 12. cxb3 Qa5 13. Kb1 Rfc8 14. h4
h5 15. Bg5 b5 16. Bxf6 exf6 17. Ncxb5 Qa6 18. Nc3 Rc5 19. b4 Rc4 20. b5 Qc8 21.
Nd5 Kh7 22. Qd3 f5 23. Nc6 Ra4 24. Nde7 Qh8 25. Qb3 Rd4 26. Nxd4 Bxd4 27. exf5
gxf5 28. Qxf7+ 1-0

[Event "4. Open Ciudad de Tres Cantos 2012"]
[Site "Tres Cantos ESP"]
[Date "2012.06.28"]
[Round "8.6"]
[White "Nuñez Miranda, Adrian"]
[Black "Aguado Solana, Juan"]
[Result "1/2-1/2"]
[WhiteElo "1902"]
[BlackElo "2083"]
[PlyCount "93"]
[EventDate "2012.06.21"]
[EventType "swiss"]
[EventRounds "9"]
[EventCountry "ESP"]
[Source "lmi"]
[SourceDate "2012.06.21"]

1. d4 d5 2. Bf4 Nf6 3. e3 g6 4. h3 Bg7 5. c4 O-O 6. Nc3 Be6 7. c5 a5 8. Rc1 c6
9. Na4 Nfd7 10. Qb3 Qc8 11. Nf3 f6 12. Be2 Re8 13. e4 Kh8 14. e5 Rf8 15. Qe3
Qe8 16. O-O Qf7 17. Rfe1 fxe5 18. Bxe5 Nxe5 19. Nxe5 Qf4 20. Rc3 Nd7 21. Nf3
Bg8 22. Bd1 Rae8 23. Qxf4 Rxf4 24. g3 Re4 25. Rce3 e5 26. Rxe4 dxe4 27. Rxe4
Bd5 28. Re1 e4 29. Nc3 Nf6 30. Ne5 Bf8 31. Nxd5 cxd5 32. Ba4 Rc8 33. Rc1 Kg7
34. a3 Be7 35. Nd7 Nxd7 36. Bxd7 Rd8 37. Ba4 Bf6 38. Rd1 Kf7 39. Kf1 Rb8 40.
Bb5 Ke7 41. Ke2 b6 42. c6 Kd6 43. h4 Rf8 44. Ba4 Rb8 45. Bb5 Rf8 46. Ba4 Rb8
47. Bb5 1/2-1/2

[Event "4. Open Ciudad de Tres Cantos 2012"]
[Site "Tres Cantos ESP"]
[Date "2012.06.28"]
[Round "8.7"]
[White "Lorite Cruz, Francisco"]
[Black "Lopez Ziegler, Carlos"]
[Result "1-0"]
[WhiteElo "2025"]
[BlackElo "1913"]
[PlyCount "57"]
[EventDate "2012.06.21"]
[EventType "swiss"]
[EventRounds "9"]
[EventCountry "ESP"]
[Source "lmi"]
[SourceDate "2012.06.21"]

1. e4 Nf6 2. Nc3 d5 3. exd5 Nxd5 4. Bc4 Nb6 5. Bb3 Nc6 6. Nge2 e5 7. a4 Na5 8.
Ba2 Qe7 9. O-O Be6 10. d3 O-O-O 11. b4 Nc6 12. a5 Nd5 13. Nxd5 Bxd5 14. Bxd5
Rxd5 15. Nc3 Rd8 16. a6 Qxb4 17. Bd2 b6 18. Qf3 Qc5 19. Rfb1 Be7 20. Ra4 Rd4
21. Rxd4 exd4 22. Rb5 Qd6 23. Ne2 Bf6 24. g3 Re8 25. Rd5 Ne5 26. Qe4 Qe7 27.
Rxd4 Nc6 28. Qxc6 Bxd4 29. Nxd4 1-0

[Event "4. Open Ciudad de Tres Cantos 2012"]
[Site "Tres Cantos ESP"]
[Date "2012.06.28"]
[Round "8.8"]
[White "Gomez Celdran, Francisco Miguel"]
[Black "Erice Alonso, Santiago"]
[Result "0-1"]
[WhiteElo "1965"]
[BlackElo "2010"]
[PlyCount "66"]
[EventDate "2012.06.21"]
[EventType "swiss"]
[EventRounds "9"]
[EventCountry "ESP"]
[Source "lmi"]
[SourceDate "2012.06.21"]

1. Nf3 d5 2. g3 f5 3. Bg2 Nf6 4. d4 e6 5. Bg5 Nbd7 6. Nbd2 Bd6 7. c4 c6 8. Qc2
O-O 9. O-O Qe8 10. Bxf6 Rxf6 11. e3 Rh6 12. cxd5 cxd5 13. Ng5 Nf6 14. f4 Ng4
15. Rfe1 Nxh2 16. Ndf3 Nxf3+ 17. Bxf3 Bd7 18. Rac1 Rf6 19. Bg2 Qe7 20. Kf2 h6
21. Nf3 Rff8 22. Ne5 Bxe5 23. dxe5 Rfc8 24. Qb3 Rxc1 25. Rxc1 Rc8 26. Rxc8+
Bxc8 27. Qb5 Kf7 28. Bf3 Qc7 29. Qa4 a6 30. Kf1 Bd7 31. Qd4 Bb5+ 32. Be2 Qc1+
33. Kf2 Qc2 0-1